000
00341nam a2200145Ia 4500
008
230718s9999 xx 000 0 und d
041
_a
Eng.
082
_a
340
_b
JAV-P
100
_a
Javed, Malik. M (ed)
245
0
_a
P.L.D (2004)
260
_a
Pakistan
_b
All Palastan legal decision
_c
2007
300
_a
735
650
_a
Law
999
_c
27132
_d
27132